000 00631nam a2200193 i 4500
001 33628
003 ES-MaACL
005 20230906154807.0
007 t|
008 030203s1954 sp ||||1| spa d
100 1 _aBirkhoff, Garrett.
_928974
245 1 0 _aAlgebra moderna /
_cGarrett Birkhoff, Saunders Mac Lane ; traducido del inglés por Rafael Rodríguez Vidal.
250 _a1ª ed. en español.
260 _aBarcelona :
_bTeide,
_c[1954] (
_fImp. Juvenil)
300 _aXV, 503 p. ;
_c22 cm.
700 1 _aRodríguez Vidal, Rafael.
_998857
700 1 _aMac Lane, Saunders.
_975040
852 _aES-MaACL
_jC-8911
_bR.36983
999 _c33628
_d33628